<?xml version="1.0" encoding="UTF-8"?><?xml-stylesheet type="text/xsl" href="static/style.xsl"?><OAI-PMH xmlns="http://www.openarchives.org/OAI/2.0/" xmlns:xsi="http://www.w3.org/2001/XMLSchema-instance" xsi:schemaLocation="http://www.openarchives.org/OAI/2.0/ http://www.openarchives.org/OAI/2.0/OAI-PMH.xsd"><responseDate>2026-04-27T12:32:14Z</responseDate><request verb="GetRecord" identifier="oai:uvadoc.uva.es:10324/43316" metadataPrefix="marc">https://uvadoc.uva.es/oai/request</request><GetRecord><record><header><identifier>oai:uvadoc.uva.es:10324/43316</identifier><datestamp>2021-10-13T15:17:41Z</datestamp><setSpec>com_10324_1164</setSpec><setSpec>com_10324_931</setSpec><setSpec>com_10324_894</setSpec><setSpec>col_10324_1330</setSpec></header><metadata><record xmlns="http://www.loc.gov/MARC21/slim" xmlns:doc="http://www.lyncode.com/xoai" xmlns:xsi="http://www.w3.org/2001/XMLSchema-instance" xmlns:dcterms="http://purl.org/dc/terms/" xsi:schemaLocation="http://www.loc.gov/MARC21/slim http://www.loc.gov/standards/marcxml/schema/MARC21slim.xsd">
<leader>00925njm 22002777a 4500</leader>
<datafield tag="042" ind1=" " ind2=" ">
<subfield code="a">dc</subfield>
</datafield>
<datafield tag="720" ind1=" " ind2=" ">
<subfield code="a">Carrasco Martínez, Adolfo</subfield>
<subfield code="e">author</subfield>
</datafield>
<datafield tag="260" ind1=" " ind2=" ">
<subfield code="c">1994</subfield>
</datafield>
<datafield tag="520" ind1=" " ind2=" ">
<subfield code="a">El estudio de las formas de sociabilidad, de las relaciones entre los individuos y/o los grupos, es uno de los campos con más posibilidades dentro de la historia social. Desde el trabajo pionero de Maurice Agulhon, centrado en cofradías y otras asociaciones, historiadores franceses, alemanes e italianos han abierto perspectivas de estudio y han adelantado resultados de gran mérito, por lo menos para la transición del Antiguo Régimen a la época liberal y, sobre todo, con relación a los siglos XIX y XX. En España, estas investigaciones han tenido eco limitado a los historiadores de lo contemporáneo. AI propio Agulhon debemos las reflexiones epistemológicas de mas valía, en un artículo reciente en el que ha intentado fijar los contenidos de la categoria histórica de sociabilidad. Asi, después de exponer los distintos significados del término, precisa que la sociabilidad en historia tiene que ver con la psicología colectiva y la antropología, y se manifîesta a través de modalidades asociativas más o menos formales.</subfield>
</datafield>
<datafield tag="024" ind2=" " ind1="8">
<subfield code="a">Mélanges de la Casa de Velázquez, Nº 30, 2, 1994 (Ejemplar dedicado a: Époque moderne), págs. 117-130</subfield>
</datafield>
<datafield tag="024" ind2=" " ind1="8">
<subfield code="a">0076-230X</subfield>
</datafield>
<datafield tag="024" ind2=" " ind1="8">
<subfield code="a">http://uvadoc.uva.es/handle/10324/43316</subfield>
</datafield>
<datafield tag="024" ind2=" " ind1="8">
<subfield code="a">10.3406/casa.1994.2702</subfield>
</datafield>
<datafield tag="024" ind2=" " ind1="8">
<subfield code="a">117</subfield>
</datafield>
<datafield tag="024" ind2=" " ind1="8">
<subfield code="a">30, 2</subfield>
</datafield>
<datafield tag="024" ind2=" " ind1="8">
<subfield code="a">129</subfield>
</datafield>
<datafield tag="024" ind2=" " ind1="8">
<subfield code="a">Mélanges de la Casa de Velázquez</subfield>
</datafield>
<datafield tag="245" ind1="0" ind2="0">
<subfield code="a">Un modelo para el estudio de las formas de sociabilidad en la Edad Moderna: las clientelas señoriales</subfield>
</datafield>
</record></metadata></record></GetRecord></OAI-PMH>